Normal view
MARC view
Entry Corporate Name
001 - CONTROL NUMBER
- control field: 379517
003 - CONTROL NUMBER IDENTIFIER
- control field: OSt
005 - DATE AND TIME OF LATEST TRANSACTION
- control field: 20220927110628.0
008 - FIXED-LENGTH DATA ELEMENTS
- fixed length control field: 220927|| aca||aabn | a|a d
040 ## - CATALOGING SOURCE
- Original cataloging agency: OSt
- Transcribing agency: OSt
110 ## - HEADING--CORPORATE NAME
- Corporate name or jurisdiction name as entry element: Oudh. Finance (Commission)(Enquiry committee) (1865) (Chairman: RH Davies)
670 ## - SOURCE DATA FOUND
- Source citation: Work cat.: (OSt)697473: Oudh. Finance (Commission)(Enquiry committee) (1865) (Chairman: RH Davies), Reports in IV, 1880
